[Event "Barcelona Sant Marti op-B 20th"]
[Site "Barcelona"]
[Date "2018.07.20"]
[Round "8"]
[White "Ankit, Dalal"]
[Black "Julia Yebra, David"]
[Result "1/2-1/2"]
[WhiteElo "1591"]
[BlackElo "1808"]
[PlyCount "39"]
[EventDate "2018.07.13"]
[EventType "swiss"]
[EventRounds "9"]
[EventCountry "ESP"]
[SourceTitle "EXT 2019"]
[Source "ChessBase"]
[SourceDate "2018.10.10"]
[SourceVersion "1"]
[SourceVersionDate "2018.10.10"]
[SourceQuality "1"]

1. e4 d6 2. d4 Nf6 3. Nc3 c6 4. Bd3 e5 5. dxe5 dxe5 6. Nf3 Qc7 7. 0-0 Be7 8. Bc4 h6 9. Be3 0-0 10. h3 Rd8 11. Qe2 b5 12. Bd3 Be6 13. a3 Nbd7 14. Rfd1 a6 15. Na2 Nc5 16. Bxc5 Bxc5 17. c4 Bd6 18. cxb5 cxb5 19. Rac1 Qb6 20. Nc3 1/2-1/2